00139 a2200073 450000100060000010000050000624500330001126000210004458804 a aFatigue design handbook, SAE aUSAbS.A.Ec1997